000 00689nam a2200289Ia 4500
005 20260324141915.0
008 008 260324s9999 xx 000 0 eng d
020 _a9781315050676
037 _aEBOOK
040 _aCRL
040 _beng
040 _cCRL
041 _2eng
041 _aeng
084 _qCRL
100 _aRobert A. Segal; Robert A. Segal
_91209960
245 0 _aPhilosophy, Religious Studies, and Myth
245 0 _bVolume III
260 _bTaylor and Francis
260 _c1996
365 _a
365 _b76.99
856 _uhttp://www.taylorfrancis.com/books/9781315050676
942 _cEBOOK
999 _c1813548
_d1813548